Catálogo público

Enfermedades de origen viral en plantas cultivadas en México / (Record no. 205285)

MARC details
000 -CABECERA
campo de control de longitud fija 00795nam a2200277Ia 4500
001 - NÚMERO DE CONTROL
campo de control Para_9903
003 - IDENTIFICADOR DEL NÚMERO DE CONTROL
campo de control CHAP
008 - DATOS DE LONGITUD FIJA--INFORMACIÓN GENERAL
campo de control de longitud fija 220125s2012 xx 000 0 und d
010 ## - NÚMERO DE CONTROL DE LA BIBLIOTECA DEL CONGRESO
Número de control de LC 205285
020 ## - NÚMERO INTERNACIONAL ESTÁNDAR DEL LIBRO
Número Internacional Estándar del Libro 978 - 607 - 402 - 492 - 0
040 ## - FUENTE DE LA CATALOGACIÓN
Centro/agencia transcriptor CHAP
082 ## - NÚMERO DE LA CLASIFICACIÓN DECIMAL DEWEY
Número de clasificación PA 632.8 972 T67 2012
100 ## - ENTRADA PRINCIPAL--NOMBRE DE PERSONA
Nombre de persona Torres Almaraz, Rodolfo de la
9 (RLIN) 171301
245 ## - MENCIÓN DE TÍTULO
Título Enfermedades de origen viral en plantas cultivadas en México /
Mención de responsabilidad, etc. Rodolfo de la Torre Almaraz
260 ## - PUBLICACIÓN, DISTRIBUCIÓN, ETC.
Lugar de publicación, distribución, etc. México :
Nombre del editor, distribuidor, etc. UNAM
300 ## - DESCRIPCIÓN FÍSICA
Extensión 86 p.
650 ## - PUNTO DE ACCESO ADICIONAL DE MATERIA--TÉRMINO DE MATERIA
Término de materia o nombre geográfico como elemento de entrada
650 ## - PUNTO DE ACCESO ADICIONAL DE MATERIA--TÉRMINO DE MATERIA
Término de materia o nombre geográfico como elemento de entrada Plantas
Subdivisión general Enfermedades por virus
-- México
9 (RLIN) 171302
901 ## - ELEMENTOS DE DATOS A LOCAL LDA (RLIN)
a PA 632.8 972 T67 2012
902 ## - ELEMENTOS DE DATOS B LOCAL, LDB (RLIN)
a M
905 ## - ELEMENTOS DE DATOS E LOCAL, LDE (RLIN)
a 5232202012 8000000300 06
910 ## - DATOS DE OPCIÓN DEL USUARIO (OCLC)
Datos de opción del usuario 2012
942 ## - ELEMENTOS DE PUNTO DE ACCESO ADICIONAL (KOHA)
Tipo de ítem Koha Parasitologia_
942 ## - ELEMENTOS DE PUNTO DE ACCESO ADICIONAL (KOHA)
Tipo de ítem Koha Parasitologia_
-- 1
Holdings
Estado de retiro Estado de pérdida Fuente del sistema de clasificación o colocación Estado dañado No para préstamo Código de colección Localización permanente Ubicación/localización actual Fecha de adquisición Número de inventario Total de préstamos Signatura topográfica completa Código de barras Fecha visto por última vez Número de copia Precio válido a partir de Tipo de ítem Koha Nota pública
    Dewey Decimal Classification     General Parasitologia Agricola Parasitologia Agricola 29/04/2014 (PA_010033) (No. UACh C/E)   PA 632.8972 T67 2012 4102002519 25/01/2022 Ej.3 25/01/2022 Libro 3
    Dewey Decimal Classification     General Parasitologia Agricola Parasitologia Agricola 29/04/2014 (PA_010031) (No. UACh C/E)   PA 632.8972 T67 2012 4102002517 25/01/2022 Ej.1 25/01/2022 Libro 3
    Dewey Decimal Classification     General Parasitologia Agricola Parasitologia Agricola 29/04/2014 (PA_010032) (No. UACh C/E)   PA 632.8972 T67 2012 4102002518 25/01/2022 Ej.2 25/01/2022 Libro 3